000
00302nam a22001217a 4500
008
181127b xxu||||| |||| 00| 0 eng d
041
_a
eng
080
_a
043.3
100
_a
0
101
_a
BTH-ARK
245
_a
Projektitmi i nderteses shoqerore. Fakulteti i Arkitektures
_c
Basha, I
942
_2
udc
_c
BK
999
_c
52552
_d
52552